YouTubeで1000万回以上再生されたボカロ曲 - Statistics

General Stats
  • This quiz has been taken 151 times
    101 since last reset
  • The average score is 94 of 400
Answer Stats
ボカロ 再生数 ボカロP % Correct
KING 99820667 Kanaria
94%
モニタリング 95974457 DECO*27
87%
モニタリング (Best Friend Remix) 22834478 DECO*27
87%
グッバイ宣言 149091083 Chinozo
85%
メズマライザー 169938649 サツキ
83%
テトリス 99573409 柊マグネタイト
83%
千本桜 77126330 黒うさP
83%
ヴァンパイア 92731254 DECO*27
81%
ロキ 87848779 みきとP
79%
シャルル 58596072 バルーン
77%
砂の惑星 93032287 ハチ
74%
オーバーライド 88914269 吉田夜世
74%
神っぽいな 87544680 ピノキオピー
74%
少女A 178426913 椎名もた(ぽわぽわP)
74%
きゅうくらりん 93682183 いよわ
72%
強風オールバック 111572477 ゆこぴ
70%
ラビットホール 106295722 DECO*27
70%
ヒバナ 79958438 DECO*27
70%
ECHO 120533927 CRUSHER-P
70%
ラグトレイン 87715312 稲葉曇
68%
フォニイ 71688952 ツミキ
66%
アスノヨゾラ哨戒班 66454990 Orangestar
66%
エゴロック(long ver.) 56175639 すりぃ
66%
ベノム 70592094 かいりきベア
64%
ドーナツホール 67127517 ハチ
64%
ドーナツホール 2024 27810600 ハチ
64%
ロストアンブレラ 84753342 稲葉曇
62%
人マニア 58080809 原口沙輔
62%
マーシャル・マキシマイザー 45961120 柊マグネタイト
62%
少女レイ 47707977 みきとP
60%
QUEEN 29105702 Kanaria
60%
脳漿炸裂ガール 81520041 れるりり
57%
混沌ブギ 80391254 jon-YAKITORY
57%
恋愛裁判 64054953 40㍍P
57%
ロストワンの号哭 73448627 Neru
55%
天ノ弱 59066502 164
55%
愛して愛して愛して 114166918 きくお
53%
マトリョシカ 79149274 ハチ
53%
アンノウン・マザーグース 71728955 wowaka
53%
だれかの心臓になれたなら 68350432 ユリイ・カノン
53%
ロウワー 58034915 ぬゆり
53%
ゴーストルール 54139446 DECO*27
53%
寝起きヤシの木 27197542 ゆこぴ
53%
DAYBREAK FRONTLINE 61754507 Orangestar
53%
イガク 49211311 原口沙輔
51%
テレパシ 38776445 DECO*27
51%
パンダヒーロー 32583614 ハチ
51%
ルマ 30650516 かいりきベア
51%
バグ 27861093 かいりきベア
51%
初音ミクの消失 24452590 cosMo@暴走P
51%
劣等上等 66593444 ギガP
49%
妄想感傷代償連盟 64563957 DECO*27、emon(Tes.)
49%
ダーリンダンス 46670919 かいりきベア
49%
ダーリン 24915375 MARETU
49%
エイリアンエイリアン 13012711 ナユタン星人
49%
ダンスロボットダンス 11596727 ナユタン星人
49%
匿名M 47867527 ピノキオピー
49%
ボカロPと絵師が25人集まってダンスロボットダンスMVアレンジメドレーしてみた 14324878 ナユタン星人
49%
神のまにまに 58774958 れるりり
47%
六兆年と一夜物語 57680277 kemu
47%
ヴィラン 49563129 てにをは
47%
ローリンガール 38251348 wowaka
47%
酔いどれ知らず 55529956 Kanaria
45%
チュルリラ・チュルリラ・ダッダッダ! 50359259 和田たけあき(くらげP)
45%
脱法ロック 35315287 Neru
45%
命に嫌われている。 29177017 カンザキイオリ
45%
カゲロウデイズ 24082178 じん(自然の敵P)
45%
ワールズエンド・ダンスホール 24021492 wowaka
45%
弱虫モンブラン 16021660 DECO*27
45%
転生林檎 54578555 ピノキオピー
43%
ビターチョコデコレーション 52718694 syudou
43%
キュートなカノジョ 42260799 syudou
43%
ウミユリ海底譚 34103990 n-buna
43%
ラヴィ 31875067 すりぃ
43%
フラジール 33635694 ぬゆり
40%
ライアーダンサー 23309656 マサラダ
40%
太陽系デスコ 14992482 ナユタン星人
40%
初音ミクの激唱(2018Remake) 22216026 cosMo@暴走P
40%
モザイクロール (Reloaded) 11042804 DECO*27
40%
乙女解剖 54532746 DECO*27
38%
からくりピエロ 45757640 40㍍P
38%
裏表ラバーズ 23254479 wowaka
38%
雨とペトラ 13748212 バルーン
38%
春嵐 54224090 john
36%
ダイダイダイダイダイキライ 40625147 雨良
36%
命ばっかり 30980244 ぬゆり
36%
帝国少女 30612724 R Sound Design
36%
㋰責任集合体 24576137 マサラダ
36%
Miku 73670179 Anamanaguchi
36%
エンヴィーベイビー 39656588 Kanaria
34%
いますぐ輪廻 34900086 なきそ
34%
生きる 28752000 水野あつ
34%
いーあるふぁんくらぶ 25273358 みきとP
34%
アルカリレットウセイ 24973738 かいりきベア
34%
ド屑 23215368 なきそ
34%
シンデレラ 11484662 | 20355440 DECO*27
34%
テオ 19382745 Omoi
34%
1000年生きてる 26460334 いよわ
34%
みむかゥわナイストライ 61790350 ぬぬぬぬぬぬぬぬぬぬぬぬぬ
32%
キャンディークッキーチョコレート 🍭🍪🍫 44440341 はろける
32%
あいしていたのに 42360123 MARETU
32%
阿吽のビーツ 36209825 羽生まゐご
32%
キャットラビング 30807588 香椎モイミ
32%
ヒビカセ 29718886 ギガP
32%
ジェヘナ 28278378 wotaku
32%
東京テディベア 26189554 Neru
32%
フィクサー 24984618 ぬゆり
32%
サマータイムレコード 23122413 じん(自然の敵P)
32%
ボルテッカー 22516491 DECO*27
32%
サラマンダー 22004349 DECO*27
32%
シネマ 17240919 Ayase
32%
ブタサンダー 13172495 ゆこぴ
32%
魔法少女とチョコレゐト 36401805 ピノキオピー
30%
聖槍爆裂ボーイ 32817559 れるりり×もじゃ
30%
のだ 27347154 大漠波新
30%
夜明けと蛍 27214584 n-buna
30%
ボッカデラベリタ 26901581 柊キライ
30%
すろぉもぉしょん 26227324 ピノキオピー
30%
アニマル 23918217 DECO*27
30%
妄想税 23270971 DECO*27
30%
Surges 18893110 Orangestar
30%
エゴイスト 33949221 大沼パセリ
28%
お返事まだカナ💦❓おじさん構文😁❗️ 32747934 吉本おじさん
28%
アイデンティティ 27086375 Kanaria
28%
ホワイトハッピー 25106512 MARETU
28%
うみなおし 24839381 MARETU
28%
失敗作少女 24240084 かいりきベア
28%
熱異常 22160184 いよわ
28%
雑魚 18559501 柊マグネタイト
28%
アルティメットセンパイ 18542111 ピノキオピー
28%
愛言葉Ⅲ 16892073 DECO*27
28%
抜錨 14204974 ナナホシ管弦楽団
28%
Dec. 17010677 Kanaria
28%
PPPP 17002107 TAK
28%
Tell Your World 28895372 kz-Livetune
28%
デビルじゃないもん 23268154 DECO*27、ピノキオピー
26%
オブソミート 22304382 サツキ
26%
ザムザ 18474910 てにをは
26%
地球最後の告白を 11041342 kemu
26%
ハウトゥー世界征服 10645048 Neru
26%
Henceforth 27400931 Orangestar
26%
ノンブレス・オブリージュ 33342205 ピノキオピー
23%
ラヴィット 30123260 ピノキオピー
23%
ロスタイムメモリー 26887285 じん(自然の敵P)
23%
ラストリゾート 24508137 Ayase
23%
おどりゃんせ 20635810 ユリイ・カノン
23%
パラサイト 20392517 DECO*27
23%
ぼかろころしあむ 20098310 DIVELA
23%
ツギハギスタッカート 20053107 とあ
23%
メンタルチェンソー 17865219 かいりきベア
23%
拝啓ドッペルゲンガー 16801435 kemu
23%
トラフィック・ジャム 16587624 煮ル果実
23%
炉心融解 16145486 iroha
23%
チェリーポップ 13798970 DECO*27
23%
ヤミナベ!!!! 13689984 cosMo@暴走P
23%
愛言葉Ⅳ 13041383 DECO*27
23%
ダブルラリアット 12433518 アゴアニキ
23%
アンハッピーリフレイン 11888741 wowaka
23%
幽霊東京 11085571 Ayase
23%
IMAWANOKIWA 24024796 いよわ
23%
potatoになっていく 18909803 Neru
23%
ごめんね ごめんね 33467777 きくお
21%
スーパーヒーロー 30673655 Guiano
21%
トンデモワンダーズ 27777896 ささくれP
21%
ビノミ 27032756 MARETU
21%
ジャンキーナイトタウンオーケストラ 24997090 すりぃ
21%
快晴 21039764 Orangestar
21%
紗痲 19878447 煮ル果実
21%
深海少女 18912227 ゆうゆ
21%
結ンデ開イテ羅刹ト骸 16160973 ハチ
21%
高音厨音域テスト 11248188 木村わいP
21%
化けの花 10535700 なきそ
21%
まにまに 10205795 r-906
21%
ハッピーシンセサイザ 10195479 EasyPop
21%
Alice in 冷凍庫 27288135 Orangestar
21%
flos 13916063 R Sound Design
21%
Gimme×Gimme 38364112 八王子P×ギガP
21%
T氏の話を信じるな 16386190 ピノキオピー
21%
Who? 14187354 Azari
21%
気まぐれメルシィ 36644575 八王子P
19%
しう 29133481 MARETU
19%
モミアゲヲシャカアゲヲ 28204374 ぬぬぬぬぬぬぬぬぬぬぬぬぬ
19%
ハナタバ 24477203 MIMI
19%
カレシのジュード 21127832 syudou
19%
限りなく灰色へ 18645844 すりぃ
19%
透明エレジー 16967234 n-buna
19%
金曜日のおはよう 15014028 HoneyWorks
19%
おくすり飲んで寝よう 13416885 もちうつね
19%
アイ情劣等生 11936003 かいりきベア
19%
バレリーコ 11441971 みきとP
19%
回る空うさぎ 11126317 Orangestar
19%
グリーンライツ・セレナーデ 10616094 Omoi
19%
パメラ 10136588 バルーン
19%
金曜日のおはよう-another story- 21563750 HoneyWorks
19%
Blessing 16968686 halyosy
19%
Copycat 46196389 Circus-P
19%
Goodbye To A World 74159413 Porter Robinson
19%
ねぇねぇねぇ。 37794188 ピノキオピー
17%
君はできない子 33840555 きくお
17%
ハイドレンジア 24957292 LonePi
17%
絶対敵対メチャキライヤー 24270809 メドミア
17%
さよならプリンセス 19371770 Kai
17%
メルティランドナイトメア 18894680 はるまきごはん
17%
アンドロイドガール 18689170 DECO*27
17%
デーモンロード 18587200 Kanaria
17%
キライ・キライ・ジガヒダイ! 18442228 和田たけあき(くらげP)
17%
星界ちゃんと可不ちゃんのおつかい合騒曲 17535473 南ノ南
17%
プロトディスコ 17399279 ぬゆり
17%
エリート 17315826 Chinozo
17%
ラブカ? 15923297 柊キライ
17%
メランコリック 15039771 Junky
17%
うみたがり 14277846 MARETU
17%
お呪い 13128504 なきそ
17%
人生リセットボタン 12488814 kemu
17%
おじゃま虫 12251431 DECO*27
17%
空奏列車 10764463 Orangestar
17%
ray 19221918 BUMP OF CHICKEN
17%
告白ライバル宣言 35920517 HoneyWorks
15%
しかばねの踊り 30078091 きくお
15%
夜咄ディセイブ 24416799 じん(自然の敵P)
15%
ポジティブ☆ダンスタイム 17074961 キノシタ
15%
独りんぼエンヴィー 16294676 電ポルP
15%
如月アテンション 15070858 じん(自然の敵P)
15%
メビウス 13617362 柊キライ
15%
アプリコット 13371426 いよわ
15%
プロポーズ 12136348 内緒のピアス
15%
可不ちゃんのカレーうどん狂騒曲 12042820 南ノ南
15%
ライアーダンス 11775826 DECO*27、Naoki Itai
15%
あだぽしゃ 11626222 いよわ
15%
厨病激発ボーイ 11543340 れるりり
15%
オートファジー 11527253 柊キライ
15%
ジレンマ 10796544 DECO*27
15%
EYE 13553148 Kanaria
15%
Happy Halloween 23974606 Junky
15%
METEOR 12133342 DIVELA
15%
山田PERFECT 14579290 jon -YAKITORY
15%
ビバハピ 22045107 Mitchie M
13%
三日月ステップ 19612356 r-906
13%
花に風 18594601 バルーン
13%
アディショナルメモリー 17683862 じん(自然の敵P)
13%
すきなことだけでいいです 17556069 ピノキオピー
13%
『んっあっあっ。』 16978362 SLAVE.V-V-R
13%
水死体は恋したい 16936832 LonePi
13%
我儘姫 16206178 ふじを
13%
マシンガンポエムドール 16021989 cosMo@暴走P
13%
ちがう!!! 16016977 サイゼP
13%
シェーマ 15428421 Chinozo
13%
シャンティ 15156457 wotaku
13%
わたしのアール 14433725 和田たけあき(くらげP)
13%
オルターエゴ 14245305 Misumi
13%
エバ 13432491 柊キライ
13%
マシュマリー 13087051 MIMI
13%
東京サマーセッション 12755561 HoneyWorks
13%
いかないで 12231302 想太
13%
脳内革命ガール 12066034 MARETU
13%
キッカイケッタイ 11749443 メドミア
13%
スーサイドパレヱド 10135074 ユリイ・カノン
13%
39みゅーじっく! 20715043 みきとP
13%
Bad ∞ End ∞ Night 18710392 ひとしずく×やま△
13%
Candle Queen 36393734 GHOST
13%
MONSTER 36820015 KIRA
13%
アカリがやってきたぞっ 25770729 GYARI(ココアシガレットP)
11%
何でも言うことを聞いてくれるアカネチャン 25122618 GYARI(ココアシガレットP)
11%
色恋沙汰は全て作図で解決可能であることの証明 20289570 家の裏でマンボウが死んでるP
11%
おこちゃま戦争 19310262 ギガP
11%
マインドブランド 15856450 MARETU
11%
チェチェ・チェック・ワンツー! 15764741 和田たけあき(くらげP)
11%
夕景イエスタデイ 15750167 じん(自然の敵P)
11%
ありふれたせかいせいふく 15255507 ピノキオピー
11%
こちら、幸福安心委員会です。 13539001 うたたP
11%
アヤノの幸福理論 13110455 じん(自然の敵P)
11%
一触即発☆禅ガール 12351396 れるりり
11%
ぴんく 11371564 MARETU
11%
メリーバッドエンド 11366078 まふまふ
11%
インビジブル 11104251 kemu
11%
シリョクケンサ 10150861 40㍍P
11%
ゾンビ 10103250 DECO*27
11%
BUTCHER VANITY 74078397 Vane Lily
11%
Hand in Hand 16713920 kz-Livetune
11%
p.h. 12723372 SEVENTHLINKS
11%
Shadow Shadow 17254096 Azari
11%
アブノーマリティ・ダンシンガール 29254338 ぐちり
9%
+♂ 26088006 ギガP
9%
ニューダーリン 19536070 MARETU
9%
あなたの夜が明けるまで 17201085 傘村トータ
9%
キティ 16122349 ツミキ
9%
林檎売りの泡沫少女 14604125 yukkedoluce
9%
おばけのウケねらい 14276303 ピノキオピー
9%
どりーみんチュチュ 14183646 emon(Tes.)
9%
ハローディストピア 13468253 まふまふ
9%
バカ通信 12772936 isonosuke
9%
リバーシブル・キャンペーン 12575566 DECO*27
9%
ももいろの鍵 12127687 いよわ
9%
ぼくらはみんな意味不明 11832205 ピノキオピー
9%
スクランブル交際 11720027 DECO*27
9%
デイバイデイズ 11029871 syudou
9%
ストリーミングハート 10083214 DECO*27
9%
マジカルドクター 10055998 MARETU
9%
CH4NGE 19605634 ギガP
9%
hello world 14137902 BUMP OF CHICKEN
9%
Ready Steady 20585853 ギガP
9%
赤い紙と青い紙 31493418 ネックベンドp
6%
家に帰ると妻が必ず死んだふりをしています。 24436446 ほぼ日P
6%
今好きになる。 24385987 HoneyWorks
6%
ゴー・トゥ・大都会 19508308 月裏
6%
い〜やい〜やい〜や 17970116 Neru
6%
性格悪くてすみません。 17206105 青谷
6%
内臓ありますか 15473825 ピノキオピー
6%
ラッキー☆オーブ 14938799 emon(Tes.)
6%
ガッチュー! 14884421 ギガP
6%
徳川カップヌードル禁止令 14428649 Mitchie M
6%
永遠にゲームで対戦したいキリタン 14115473 GYARI(ココアシガレットP)
6%
ポッピンキャンディ☆フィーバー! 14085555 キノシタ
6%
大嫌いなはずだった。 13923964 HoneyWorks
6%
鉄の処女と夢見がちなお姫さま 13473069 じょるじん
6%
アイラ 12426624 n-buna
6%
懺悔参り 10916744 羽生まゐご
6%
イノコリ先生 10736192 ゴム(HoneyWorks)
6%
コインロッカーベイビー 10703086 MARETU
6%
ハルノ寂寞 10664839 稲葉曇
6%
ハツコイソウ 10641548 FLG4
6%
アンチジョーカー 10499607 マイキP
6%
リモコン 10487993 じーざすP
6%
ヘッドフォンアクター 10260052 じん(自然の敵P)
6%
時ノ雨、最終戦争 10033259 Orangestar
6%
Beyond the way 12369040 ギガP
6%
Confessions of a Rotten Girl 34631553 SAWTOWNE
6%
GETCHA! 10586772 ギガP、KIRA
6%
M@GICAL☆CURE! LOVE ♥ SHOT! 33009240 SAWTOWNE
6%
カラカラカラのカラ (Remastered) 16975889 きくお
6%
World is Mine 21538553 ryo
6%
病名恋ワズライ 24004185 HoneyWorks
4%
ヤキモチの答え 19985878 HoneyWorks
4%
イジワルな出会い 19303932 HoneyWorks
4%
大江戸ジュリアナイト 18418665 Mitchie M
4%
乱躁滅裂ガール 17796043 れるりり
4%
絶対にチョコミントを食べるアオイチャン 14752297 GYARI(ココアシガレットP)
4%
テレカクシ思春期 14251818 HoneyWorks
4%
四季刻歌 14219934 綿飴
4%
難聴系男子が倒せない 14066542 ラマーズP
4%
ゴチャゴチャうるせー! 13860468 ガルナ(オワタP)
4%
ヤババイナ 13440432 さたぱんP
4%
孤独の宗教 12994845 syudou
4%
バイオレンストリガー 12967153 八王子P
4%
祝福のメシアとアイの塔 11832681 | 11963083 ひとしずく×やま△
4%
秘蜜〜黒の誓い〜 11284521 ひとしずく×やま△
4%
幸せになれる隠しコマンドがあるらしい 11070621 うたたP
4%
言葉のいらない約束 10934739 HoneyWorks
4%
イイコと妖狐 10853406 きくお
4%
花が落ちたので、 10633464 一二三
4%
オルソドクシア 10103101 ぐちり
4%
Again 16572738 Crusher-P
4%
海賊Fの肖像 11228141 ひとしずく×やま△
4%
ヤミタイガール(feat.Fukase) 10169293 れるりり
4%
ヤミタイガール(feat.GUMI) 10699491 れるりり
4%
HOUSEWIFE RADIO 14187823 GHOST
4%
ネ土会ェ貝南犬☆カゞんIよ″るノDA!!。 10669589 ぬぬぬぬぬぬぬぬぬぬぬぬぬ
4%
It's A Whole World 13555894 そーいち
4%
Love Taste 30698501 Moe Shop
4%
Machine Love 16061116 Jamie Paige
4%
R.I.P.ゴシップの海 17179705 cosMo@暴走P
4%
Sad Machine 32106452 Porter Robinson
4%
Sister’s ∞ mercY 12296826 ひとしずく×やま△
4%
Vampire’s ∞ pathoS 14598098 ひとしずく×やま△
4%
あなぐらし 27523920 きくお
2%
細菌汚染 15205545 カニミソP
2%
狐の嫁入り 14847403 まさ
2%
リングの熾天使 13050487 Mitchie M
2%
撥条少女時計 11882220 Drop、葉月ゆら
2%
11807461 全てあなたの所為です。
2%
ぶれないアイで 10930957 Mitchie M
2%
ビースト・ダンス 10223801 和田たけあき(くらげP)
2%
そこに命はありますか。 10036803 DIVELA
2%
Amygdala's Rag Doll 25819354 GHOST
2%
BIRDBRAIN 17962499 Jamie Paige
2%
Casino 12205597 Azari
2%
サンドリヨン(Cendrillon) 10218403 シグナルP
2%
Circus Monster 11300829 Circus-P
2%
drop pop candy 10874423 ギガP
2%
evey day 16482537 bo en
2%
Karma 19278124 Circus-P
2%
Kill Jill 26217669 Big Boi
2%
テレキャスタービーボーイ(long ver.) 60829585 すりぃ
2%
Redial 14921420 kz-livetune
2%
The Chattering Lack of Common Sense 16239145 GHOST
2%
The Distortionist 13536726 GHOST
2%
秘密だよ 17172578 Tuzera
0%
Appetite of a People-Pleaser 12224520 GHOST
0%
BABY MY PHONE 16335343 YAMEII
0%
Cause I'm a Liar 21174561 Mcki Robyns-P
0%
Daisy 2.0 11463984 Ashnikko
0%
Exorcism 17563103 Creep-P
0%
Honey I'm Home 19497646 GHOST
0%
『エンヴィーベイビー』×『KING』 12713180 Kanaria
0%
Language of the Lost 11896249 RIProducer
0%
Machine Gun 16013634 KIRA
0%
RONDON SLAG PARTY HI 10782926 まさ
0%
Static 26209190 FLAVOR FOLEY
0%
No matching quizzes found
Score Distribution
Percent of People with Each Score
Percentile by Number Answered
Your Score History
You have not taken this quiz since the last reset